| 000 | 00667nam a2200241Ia 4500 | ||
|---|---|---|---|
| 003 | OSt | ||
| 005 | 20221007104649.0 | ||
| 006 | a|||||r|||| 00| 0 | ||
| 007 | ta | ||
| 008 | 221006b |||||||| |||| 00| 0 eng d | ||
| 024 | _a16,488 | ||
| 037 | _cTextual | ||
| 040 |
_aLCO _cLCO _beng |
||
| 041 |
_2eng _aeng |
||
| 082 | _aZ73,75,15, L3 | ||
| 100 |
_aAltgeld John P. _9706216 |
||
| 245 | 0 |
_aLive Questions _b Our Penal Machinery and Its Victims |
|
| 260 |
_aNew _bYork AMS Press Inc. U.S.A. _c1973 |
||
| 300 | _a319 | ||
| 650 |
_aLIVE QUESTIONS _9706217 |
||
| 942 |
_hZ73,75,15, L3 _cTEXL |
||
| 999 |
_c1186051 _d1186051 |
||